Rutinero /

Guardado en:
Autor Principal: Madrigal, Níger
Otros Autores: Wernicke, María; il.
Formato: Libro
Publicado: Buenos Aires : Fondo de Cultura Económica, 2013
Materias:
Etiquetas: Agregar Etiqueta
Sin Etiquetas, Sea el primero en etiquetar este registro!
LEADER 00837nam a22002535a 4500
001 CEM.cems015472
008 130507s2013##################000#0#####d
005 20240326143742.0
245 1 0 |a Rutinero /  |c Níger Madrigal ; ilustrado Por María Wernicke 
260 |a Buenos Aires :  |b Fondo de Cultura Económica,  |c 2013 
300 |a 44 p. 
020 |a 9789505579372 
100 1 |a Madrigal, Níger 
700 1 |a Wernicke, María; il. 
082 0 4 |a M861.4 
653 |a Literatura 
653 |a Literatura mejicana 
653 |a Literatura mexicana 
653 |a Literatura infantil 
653 |a Poesía 
653 |a Poesía infantil 
653 |a Colección ciencias de la educación 
859 |a CEMS  |b BIB. CEMS - Inicial y Primaria  |h M861.4  |i M267  |k IP  |p 4017  |t Ej.1 
859 |a CEMS  |b BIB. CEMS - Ccias. Educacion  |h M861.4  |i M267  |k CE  |p 28903.19  |t Ej.1